000 00664nam a22001937a 4500
999 _c1947
_d1947
005 20251125232741.0
008 s2528 th tha d
040 _aNALT
041 _atha
050 _aDS570.6 ป55ก3
100 0 _aป๋วย อึ๊งภากรณ์
245 1 0 _aสันติประชาธรรม [3rd]
260 3 _aกรุงเทพฯ :
_bมูลนิธิโกมล คีมทอง,
_c2528
300 _a263 หน้า
650 0 4 _aมหาวิทยาลัยและวิทยาลัย
850 _aNALT
856 4 0 _uhttps://hdl.handle.net/20.500.14156/385967
_71
942 _cGB
_2lcc